Vista normal Vista MARC

Entrada Materia (corporativa)

Número de registros utilizados en: 1

001 - CONTROL NUMBER

  • control field: 95848

003 - CONTROL NUMBER IDENTIFIER

  • control field: Co-BoUCM

005 - DATE AND TIME OF LATEST TRANSACTION

  • control field: 20190322093625.0

008 - FIXED-LENGTH DATA ELEMENTS

  • fixed length control field: 190322|| aca||aabn | a|a d

040 ## - CATALOGING SOURCE

  • Original cataloging agency: Co-BoUCM
  • Transcribing agency: Co-BoUCM

110 ## - HEADING--CORPORATE NAME

  • Corporate name or jurisdiction name as entry element: Partido Republicano (U.S. : 1854- )

670 ## - SOURCE DATA FOUND

  • Source citation: Work cat.: (Co-BoUCM)311599: Lyons, Matthew Nemiroff 95847, Insurgent supremacists, 2018